000 01629nam a2200385 i 4500
003 CO-BoRNBP
005 20230505150309.0
007 ta
008 211028s2021 ck a ||br ||| 00| 0 spa d
020 _a9789583064579
040 _aCO-BoRNBP
_bspa
_erda
_cCO-BoRNBP
041 1 _aspa
_heng
082 0 4 _a508
_bN17g
_222
100 1 _aNash, Eryl
_eautor
_91744
245 1 0 _aGuía esencial de STEAM
_ctextos de Eryl Nash, con aportes de Jenny Jacoby, Sam Hutchinson y Catherine Bruzzone; diseño e ilustraciones de Vicky Barkes
250 _aEdición especial
264 1 _aBogotá, Colombia
_bPanamericana Editorial
_c2021
300 _a48 páginas
_bilustraciones a color
_c25 cm
336 _atexto
_btxt
_2rdacontent
337 _asin mediación
_bn
_2rdamedia
338 _avolumen
_bnc
_2rdacarrier
490 0 _aPlan Nacional de Lectura y Escritura Leer es mi Cuento / Ministerio de Cultura
521 _aRecomendado para un público infantil mayor de 9 años
534 _tEssential guide to S.T.E.AM
650 1 7 _aCiencia
_xPreguntas y respuestas
_xLiteratura infantil
_2LEMB
_91745
650 1 7 _aFísica
_xPreguntas y respuestas
_xLiteratura infantil
_2LEMB
_91746
650 1 7 _aMatemáticas
_xPreguntas y respuestas
_xLiteratura infantil
_2LEMB
_91747
650 1 7 _aTierra
_xPreguntas y respuestas
_xLiteratura infantil
_2LEMB
_91748
650 1 7 _aTecnología
_xPreguntas y respuestas
_xLiteratura infantil
_2LEMB
_91749
700 1 _aJacoby, Jenny
_eautora
_91750
700 1 _aHutchinson, Sam
_eautor
_91751
700 1 _aBruzzone, Catherine
_eautora
_91752
700 1 _aBarkes, Vicky
_eilustradora
_91753
942 _2ddc
_cBKINF
999 _c9479
_d9479